Rappers' Stage Names - Statistics

General Stats
  • This quiz has been taken 73 times
  • The average score is 4 of 11
Answer Stats
Hint Answer % Correct
Marshall Mathers eminem
75%
Shawn Carter jay z
65%
Dwayne Carter lil wayne
65%
O'Shea Jackson ice cube
55%
Donald Glover childish gambino
46%
Calvin Broadus snoop dogg
36%
Cornell Haynes nelly
4%
Curtis Jackson 50 cent, 50
1%
Trevor Smith busta rhymes
1%
Andre Young dr dre, dre
1%
Christopher Wallace notorious big, big
0%
No matching quizzes found
Score Distribution
Percent of People with Each Score
Percentile by Number Answered
Your Score History
You have not taken this quiz